[Event "Sharjah FIDE GP"]
[Site "Sharjah"]
[Date "2017.02.18"]
[Round "1"]
[White "Adams, Michael"]
[Black "Salem, AR Saleh"]
[Result "1-0"]
[WhiteElo "2751"]
[BlackElo "2656"]
[Annotator "Schroeder,J"]
[PlyCount "119"]
[EventDate "2017.02.18"]
[EventType "swiss"]
[EventRounds "9"]
[EventCountry "UAE"]
[SourceTitle "CBM 177"]
[Source "ChessBase"]
[SourceDate "2017.03.16"]
[SourceVersion "1"]
[SourceVersionDate "2017.03.16"]
[SourceQuality "1"]
[TimeControl "40/6000+30:20/3000+30:900+30"]

{The first round of Sharjah Grand Prix started with interesting pairings, such
as Nakamura vs Jakovenko or Tomashevsky vs Aronian. Anyway, I enjoyed it even
more to follow the game of Michael Adams because it is pretty impressive how
he often manages to outplay his opponents without allowing counterplay at all.
} 1. c4 {[%emt 0:00:00] Although Adams is an ,,e4 player'', he recently tried
1.c4 for instance against Fabiano Caruana (December 2016) and Hou Yifan 
(January 2017).} c5 {[%emt 0:00:05]} 2. Nf3 {[%emt 0:00:11]} Nf6 {[%emt 0:00:
07]} 3. Nc3 {[%emt 0:00:13]} d5 {[%emt 0:00:21]} 4. cxd5 {[%emt 0:00:06]} Nxd5
{[%emt 0:00:02]} 5. e3 $5 {[%emt 0:00:06] This is typical for Adams. He wants
to avoid forced lines which could arise for instance after 5.e4!?. As a result,
he gains a playable position with small chances for an advantage.} (5. e4 Nb4
6. Bc4 Nd3+ 7. Ke2 Nf4+ (7... Nxc1+ 8. Rxc1 a6 $5 {was tried in the game Giri
vs Harikrishna Tata Steel 2017. The game will become extremely sharp. Even if
this position was allright for Black, I would never play it in a practical
game. White has many different ideas and Black has to know in every line a
precise way to equalize.} (8... Nc6 9. Bb5 $14) 9. d4 b5 10. Bd5 Ra7 11. dxc5 (
11. Ne5 $5 e6 12. Bc6+ Ke7 13. Qd2 f6 14. Nd5+ $1 exd5 15. Rxc5 dxe4 16. Rhc1 (
16. Rd5 Qb6 17. Qb4+ Ke6 18. Qb3 Ke7 {funny pertual}) 16... Be6 17. Qe3 (17. d5
$5)) 11... e6 12. c6 $5 (12. b4 $5)) 8. Kf1 Nd3 9. Qe2 $5 {In the game Aronian
vs So at London Chess Classic 2016 Black was in big trouble after the opening
but I am confident that his play can be improved.}) 5... e6 {[%emt 0:00:29]} 6.
Bc4 $5 {[%emt 0:00:34]} (6. d4 {This would have led to a transposition to the
Semi-Tarrasch which should be fine for Black.}) 6... Be7 {[%emt 0:02:57]} 7.
O-O {[%emt 0:00:21]} O-O {[%emt 0:00:11]} 8. Qe2 {[%emt 0:00:55] Played very
fast, which implies that Adams was still in his preperation. In comparison to
8th d4 it is not too clear, which setup should be chosen by Black. Anyway,
Black did not seem to be impressed at all and played on quite fast.} (8. d4
cxd4 9. exd4 Nxc3 10. bxc3 Qc7 11. Qe2 Nd7 12. Bd3 $5 {Black should accept
this pawn sacrifice otherwise he is just worse due to White's attacking
prospects and the bad bishop on c8} (12. Bd2 b6 $11) 12... Qxc3 $13 (12... Nf6
13. c4 b6 14. Ne5 Bb7 15. f4 $5 $40)) 8... Nc6 $5 {[%emt 0:01:38]} 9. d4 {
[%emt 0:03:53]} cxd4 {[%emt 0:21:22] Played after more than 20 minutes of
thinking. Personally, I dislike the idea connected with this move because it
is just too slow.} (9... b6 10. Rd1 Nxc3 11. bxc3 Na5 12. Bd3 $13 {[%cal Gd8c7,
Gc8b7,Re3e4,Re4e5] but might be a bit dangerous for Black.}) (9... Bf6 10. Rd1
cxd4 11. exd4 b6 $13) 10. exd4 {[%emt 0:00:09]} Nb6 $6 {[%emt 0:00:04]} (10...
Nxc3 $5 11. bxc3 b6 12. Bd3 Bb7 13. Qe4 g6 14. Bh6 Re8 {with a normal position.
My computer tells me 0.00, but in a practical game I'd prefer White. Anyway,
Black has a playable position.}) 11. Bd3 $1 {[%emt 0:00:58] Just sacrificing
the pawn. The insecurity of Black's queen and his behindhand development
secure White a strong initiative.} Nxd4 {[%emt 0:03:19]} (11... Bd7 {Though it
is computer suggestion, it feels pretty stupid. If Black plays ...Nb6 he has
to take on d4, too} 12. a3 $14) 12. Nxd4 {[%emt 0:00:07]} Qxd4 {[%emt 0:00:02]}
13. Rd1 {[%emt 0:00:46]} Qh4 {[%emt 0:00:44]} (13... Qf6 14. Bc2 $5 {Highly
interesting prophylatic move against Black's main idea ...Bd7.} (14. Be4 Bd7
15. Bxb7 Rab8 16. Be4 Rfd8 {White controls the game but I am not sure wether
he is much better.}) 14... g6 (14... Bd7 $6 15. Rxd7 Nxd7 16. Qd3 Qf5 17. Qxd7
Qxc2 18. Qxe7 $16) (14... e5 15. a4 $1 {Fighting for the d5-square} Bf5 16. a5
Bxc2 17. Qxc2 Nc8 18. Be3 $5 {This feels unpleasant for Black. Although he is
a pawn up he cannot free his knight on d8.} (18. Nd5 Qc6 19. Qe2 Rd8 20. Qxe5
Bd6 21. Qe4 Ne7 $1 $11) 18... Nd6 $4 19. Nd5 Qe6 20. Nxe7+ Qxe7 21. Bc5 Qc7 22.
Qc1 $1 $18) 15. Be4 Bd7 16. Bxb7 Rab8 17. Bf3 $5 {Maybe this is a better
version in comparison to 14.Be4. Anyway, Black has still good chances to
equalize.}) (13... Qc5 {Computer suggestion, but it looks very strange to
allow White to develop his bishop with tempo} 14. Be3 Qe5 15. Be4 $14) 14. g3 {
[%emt 0:10:23]} (14. Be4 $5) 14... Qh3 {[%emt 0:02:51]} 15. Be4 {[%emt 0:03:01]
} e5 {[%emt 0:03:34] What else? Black has to free his bishop one day and
therefore e5 feels neccesary. Nevertheless, this moves seriously weakens the
d5-square. Adams exploits that impressively.} (15... Bd7 $2 16. Bxb7 Rad8 17.
Bf4 $16) 16. Bg2 {[%emt 0:06:07]} Qf5 {[%emt 0:12:37]} (16... Qg4 {Maybe it is
clever to provoke Bf3. In many lines the bishop might be better on g2. However,
finding ideas like this is not possible for a human being.} 17. Bf3 Qe6 $5 18.
a4 Rb8 19. a5 Nd7 20. Be3 Bc5 21. Nb5 e4 {is an extra option when the bishop
is on f3. Although Black is still worse here he might be able to hold this
position.}) (16... Qe6 $6 17. a4 Rb8 18. a5 Nd7 19. Be3 Bc5 20. Nb5 $16) 17. a4
$1 {[%emt 0:07:01]} a5 $2 {[%emt 0:31:39] Black's position was already
extremely unpleasant. However, after this move his position feels horrible and
is pretty close to be lost.} (17... Nd7) 18. Be3 {[%emt 0:08:30]} (18. Qb5 Nd7
$6 (18... Qe6 19. Be3 Nd7 20. Nd5 $16) 19. Nd5 Bd8 20. b3 $1 $18 {[%csl Rd7]
[%cal Gc1a3,Ga1c1,Gd5e3]}) 18... Nd7 {[%emt 0:06:51]} 19. Nd5 {[%emt 0:11:59]}
Bd8 {[%emt 0:01:53]} 20. Rac1 $16 {[%emt 0:14:06] Now it is already difficult
to find moves for Black.} Kh8 $1 {[%emt 0:02:36] Freeing the g8-square for the
rook and getting rid of all Ne7+ motives.} (20... Nf6 $2 21. Bc5 Re8 22. Ne3
Qe6 23. Rd6 Qe7 24. Ra6 $18) 21. Qb5 {[%emt 0:14:35]} (21. Nc7 $5 {This feels
even more dominant.} Bxc7 22. Rxc7 Nf6 23. h3 $16 {[%cal Yg3g4,Ye3c5,Yd1d6]}) (
21. h3 $5) 21... Nf6 {[%emt 0:06:04]} 22. Bc5 {[%emt 0:03:36]} (22. h3 Nxd5 23.
Rxd5 Bf6 24. g4 Qg6 25. Qc4 Bg5 26. Rxe5 Bxe3 27. Rxe3 $14) (22. Nxf6 Bxf6 23.
Rc7 $14) 22... Rg8 {[%emt 0:00:48]} 23. Ne3 {[%emt 0:03:01]} Qh5 {[%emt 0:03:
19]} 24. Bd6 {[%emt 0:04:09]} Ng4 {[%emt 0:03:07]} 25. Nxg4 {[%emt 0:03:15]} (
25. Nf1 Qf5 $1 26. Qe2 {''human move''} (26. f3 {looks ugly but maybe is poses
Black serious problems.} Nf6 27. Ne3 Qe6 28. Nc4 Bd7 29. Qxb7 $14) 26... Bb6
27. Bc5 Bxc5 28. Rxc5 $16 {[%csl Rb7,Re5]}) 25... Bxg4 {[%emt 0:00:05]} 26. Re1
{[%emt 0:03:35]} Ra6 $2 {[%emt 0:00:43]} (26... Rc8 27. Rxc8 Bxc8 28. Bxe5 (28.
Bxb7 Bxb7 29. Qxb7 f6 30. b4 $16) 28... f6 29. Bd4 $16) 27. Bxe5 {[%emt 0:03:
02]} Rb6 {[%emt 0:02:02]} 28. Qd5 {[%emt 0:00:37]} Qg6 {[%emt 0:02:42]} (28...
f6 $6 29. Bd4 Qxd5 30. Bxd5 Rd6 31. Bxg8 $18) 29. Be4 {[%emt 0:01:22]} (29.
Qxa5 {is the Computer move but Adams' decision feels so natural and leads to a
very strong position, too.} Rxb2 30. Qc3 Rb6 31. Bd5 $16) 29... Qh5 $2 {
[%emt 0:02:05]} (29... Qe6 30. Bc3 Qxd5 31. Bxd5 {Black will lose a pawn now 
(a5 or f7). The endgame should be lost.} Bf6 (31... Be6 32. Bxe6 Rxe6 33. Rxe6
fxe6 34. Rd1 $18 {[%cal Yd1d7]}) 32. Bxf7 Bxc3 33. Rxc3 Rf8 34. f3 Bd7 35. b3
$18) 30. Rc5 $2 {[%emt 0:01:55]} (30. Rc8 $1 {This beautiful move could have
ended the game pretty soon. I am very sure that Adams saw this move but he
might be afraid of 30...Rh6. In time trouble the stronger side normally do not
want to allow any kind of counterplay so he might have decided to play solid.}
Rh6 (30... Bxc8 31. Bxg7+ {[%cal Yd5h5]}) (30... Be7 31. Rxg8+ Kxg8 32. Qxa5
$18) 31. Rxd8 $1 {absolutely fearless} (31. h4) 31... Qxh2+ 32. Kf1 Bh3+ (32...
Qh3+ 33. Bg2) 33. Ke2 $18) 30... Rh6 {[%emt 0:00:17]} (30... Re6 31. Qd4 Qg5 {
Without provoking h4 this square is availible for Black's queen. Still, White
is more or less winning} 32. h4 Qe7 33. Rb5 $16) 31. h4 {[%emt 0:00:41]} b6 {
[%emt 0:00:38]} 32. Rb5 {[%emt 0:00:46]} Re6 $2 {[%emt 0:00:40]} (32... Be2 $5
33. Bd3 $1 (33. Rb3 Re6 {is not what White aimed for}) (33. Bxg7+ $2 Kxg7 34.
Qd4+ Bf6 35. Rxh5 Bxd4 36. Rg5+ Kf8 37. Rxg8+ Kxg8 38. Rxe2 Re6 {with very
good drawing chances}) 33... Bxd3 34. Qxd3 {[%cal Re5g7]} Qg6 35. Qxg6 Rxg6 36.
Rd1 $16) 33. Qd4 $1 {[%emt 0:01:27] Black cannot defend against all White
ideas such as Bxg7 and Qxd8 or Rxh5 and Bd5 and take on g4.} f6 {[%emt 0:00:32]
} 34. Bxf6 {[%emt 0:00:39]} Bxf6 {[%emt 0:00:31]} 35. Rxh5 {[%emt 0:00:04]}
Bxh5 {[%emt 0:00:15]} (35... Bxd4 $4 36. Rxh7#) 36. Qc4 $18 {[%emt 0:02:54]
Although in positions like this the defender has sometimes many ideas to hold
his position, things are different here. Black cannot organise and activate
his pieces wheras White will exchange rooks pretty soon.} Rge8 {[%emt 0:00:23]}
(36... Bf7 $5 37. Re3 Rd8 (37... Rge8 38. Bd5 $5 Rxe3 39. fxe3 Bxd5 40. Qxd5 h6
41. Qc6 $18) 38. Rd3 Rxd3 39. Qxd3) 37. Re3 $1 {[%emt 0:00:07]} Bxb2 {[%emt 0:
00:55]} 38. Qb5 $1 {[%emt 0:01:34] To my mind this is just brilliant technique.
Obviously, my stupid Stockfish, who is too materialistic, does not want to
play like this because he calculates long lines where he wins a pawn. However,
Adams feels that the resulting position ist won because he can slowly improve
his position and Black cannot.} (38. Bc6 Rxe3 39. fxe3 Rc8 40. Qe6 Rd8 41. Qb3
Bf6 42. Qxb6 {Too complicated for a human being.}) 38... Rxe4 {[%emt 0:00:30]}
39. Rxe4 {[%emt 0:01:46]} Rxe4 {[%emt 0:00:01]} 40. Qxh5 {[%emt 0:00:08]} Bf6 {
[%emt 0:51:00]} 41. Qd5 {[%emt 0:51:19]} Rd4 {[%emt 0:00:00]} 42. Qc6 {[%emt 0:
00:00]} h6 {[%emt 0:00:00]} 43. Kg2 {[%emt 0:00:00]} Rb4 {[%emt 0:00:00]} 44.
Kh3 {[%emt 0:00:00]} b5 {[%emt 0:00:00] Desperation.} (44... Kg8 45. f4 Kh8 46.
Qc8+ Kh7 47. Qf5+ Kh8 48. Qe6 Rb2 (48... Rxa4 $4 49. Qe8+) 49. g4 $18 {Black
will be mated soon.}) 45. axb5 {[%emt 0:00:00]} a4 {[%emt 0:00:00]} 46. Qa8+ {
[%emt 0:00:00]} Kh7 {[%emt 0:00:00]} 47. Qa5 {[%emt 0:00:00]} Be7 {[%emt 0:00:
00]} 48. Kg2 {[%emt 0:00:00]} Kg8 {[%emt 0:00:00]} 49. b6 {[%emt 0:00:00]} Bf8
{[%emt 0:00:00]} 50. Qd5+ {[%emt 0:00:00]} Kh7 {[%emt 0:00:00]} 51. b7 {
[%emt 0:00:00]} a3 {[%emt 0:00:00]} 52. Qd8 {[%emt 0:00:00]} Rxb7 {[%emt 0:00:
00]} 53. Qxf8 {[%emt 0:00:00]} Ra7 {[%emt 0:00:00]} 54. Qc5 {[%emt 0:00:00]}
Ra8 {[%emt 0:00:00]} 55. Qd5 {[%emt 0:00:00]} Ra7 {[%emt 0:00:00]} 56. Qa2 {
[%emt 0:00:00]} h5 {[%emt 0:00:00]} 57. Kf3 {[%emt 0:00:00]} Ra5 {[%emt 0:00:
00]} 58. Ke3 {[%emt 0:00:19]} Kh8 {[%emt 0:00:00]} 59. Kd2 {[%emt 0:00:52]} Ra7
{[%emt 0:02:25]} 60. Kc1 {[%emt 0:01:00] What a great game by Adams! First of
all, he was pretty well prepared. His 8.Qe2 idea is obviously not a serious
attempt for a huge advantage. Nontheless, it leads to interesting and
complicated positions, allowing both sides to play for a win.  After
sacrificing a pawn just for quick development and a bad bishop on c8 he forced
his opponent to weak his squares (for instance with 15...e5). Afterwards, he
outplayed his opponent convincingly, showing superior technique. Even though
he missed some ways to a faster victory like 30.Rc8 he always kept control
which is most important when you have a strategical advantage.  Last but not
least I would like to mention that Salem defended pretty clever, showing
creative ideas like 20...Kh8 in order to prepare ...Rg8.} 1-0

[Event "Geneva FIDE GP"]
[Site "Geneva"]
[Date "2017.07.14"]
[Round "8"]
[White "Rapport, Richard"]
[Black "Adams, Michael"]
[Result "0-1"]
[WhiteElo "2694"]
[BlackElo "2736"]
[Annotator "Marin,M"]
[PlyCount "106"]
[EventDate "2017.07.06"]
[EventType "swiss"]
[EventRounds "9"]
[EventCountry "SUI"]
[SourceTitle "CBM 180"]
[Source "ChessBase"]
[SourceDate "2017.09.13"]
[SourceVersion "1"]
[SourceVersionDate "2017.09.13"]
[SourceQuality "1"]

1. Nf3 d5 2. g3 Nf6 3. Bg2 e6 4. O-O Be7 5. d3 O-O 6. Nbd2 {The King's Indian
Attack has come into the limelight after the Svidler-Karjakin KO final match
in 2015.} a5 (6... c5 7. e4 Nc6 8. Re1 Qc7 (8... b5 9. exd5 Nxd5 10. Ne4 Bb7
11. c3 a6 12. a4 b4 13. Bg5 {Svidler,P (2727)-Karjakin,S (2762) Baku 2015 CBM
169 [Marin,M] (1-0, 29)}) 9. e5 Nd7 10. Qe2 b5 11. Nf1 Bb7 12. h4 Rfc8 13. Bd2
b4 14. N1h2 Qd8 15. Bg5 h6 16. Bxe7 Nxe7 17. Qd2 a5 {A typical blitz game with
this variation. Black is doing fine but his kingside needs permanent care
while his queenside play does not take concrete contours easily.} 18. h5 c4 {
Or if it does, it also offers White something in exchange, like the d4-square
for instance.} 19. Nd4 Nc6 20. Nhf3 Nxd4 21. Nxd4 cxd3 22. cxd3 Ba6 23. Rad1
Nc5 24. Qe3 Qg5 25. f4 Qxh5 {Black has won a pawn but his queen is insecure.}
26. Rd2 Qg6 27. Red1 Bxd3 $6 28. Rxd3 Nxd3 29. f5 $1 exf5 30. Qxd3 {
Nepomniachtchi,I (2751)-Dominguez Perez,L (2739) Saint Louis (blitz) 2017 (1-0,
63). And finally White has the more pleasant position.}) 7. e4 a4 8. c3 ({
A more popular move is} 8. a3 {, blocking the daring pawn, as for instance in
Karjakin,S (2760)-Aronian,L (2786) Moscow 2016 CBM 172 [Sadorra,J] (1/2-1/2,
31)}) 8... Nc6 9. e5 Nd7 10. d4 {White rarely plays this move when Black has a
pawn on c5. But the way it is, it makes sense to over-protect e5 and restrict
the d7-knight, as Black will need some time to organise his counterplay
against d4.} (10. Re1 b5 11. Nf1 b4 {[%cal Gc8a6,Gd7c5]}) 10... f6 {
Immediately starting the fight against White's space advantage.} (10... b5 11.
a3 (11. Re1 b4 12. c4 $5) 11... Na5 12. Re1 c5 13. h4 (13. dxc5 Nxc5 14. Nd4
Nd3 15. Re3 Nxc1 16. Rxc1 Nc4 17. Nxc4 bxc4 {[%cal Ge7c5]} 18. Nc6 Qd7 19.
Nxe7+ Qxe7 20. Qd4 Qa7 $132 {White's blockade does not look too stable as the
b2-pawn is chronically weak and he will need his rooks to defend it.}) 13...
Nb6 14. Bf1 b4 $15 {Van Putten,H-Vedder,H (2335) Breda 1997 (0-1, 38)}) (10...
Ncb8 $5 $146 11. Re1 c5 12. Nf1 Nc6 {leads to some normal French play with the
nuance that the white bishop is not optimally placed on g2.}) 11. exf6 Bxf6 {
[%csl Ge5]} 12. Ne1 {This straightforward way of stabilising the centre will
result in a weakening of the queenside.} ({The main alternative is} 12. Nb1 $5
{[%csl Gd5]} Kh8 (12... e5 13. dxe5 Ndxe5 14. Nxe5 Nxe5 15. Qxd5+ Qxd5 16.
Bxd5+ Kh8 17. Nd2 $14) 13. Na3 Ra5 14. Bd2 $5 $14 {And White seems to be
keeping things under control.}) 12... Nb6 13. f4 a3 $1 14. Ndf3 (14. b3 Nxd4
$17) 14... axb2 15. Bxb2 $11 {The weakness of White's queenside is as relevant
as his control over e5.} Na5 (15... Na4 $5) (15... Nc4 $5) 16. Nd3 Nac4 17. Bc1
Na4 (17... Qe8 18. Re1 Qa4 19. Qe2 Qa5 20. Bd2 Qa3 $132) 18. Qc2 Bd7 19. Rb1 b5
20. h4 Be8 (20... c5 $5 21. Nde5 Be8) 21. Bh3 Qd7 22. Re1 Ra6 {Both sides'
play has been logical, but now White seems to have some problems meeting ...
Bg6.} 23. f5 $6 {A thematic but slightly unsound sacrifice.} ({Rapport may
have disliked} 23. Ng5 Bxg5 24. hxg5 Bg6 {but White can get out of the pin with
} 25. Rb3 c5 26. Qe2 $13) 23... exf5 24. Nb4 Rd6 (24... Re6 $5 25. Rxe6 Qxe6
26. Bxf5 Qf7 27. Bxh7+ Kh8 {[%cal Gg7g6] This position is not easy to evaluate
in advance, especially when Black has the solid game move at his disposal. The
main point in this line is that White is very poorly developed, offering Black
more than enough compensation for the pawn.} 28. Bd3 (28. Bf5 c5 29. dxc5 Be7
30. g4 g6 $19) 28... Qh5 $17) 25. Qd3 (25. Bxf5 Bg6 $17) 25... g6 $17 {Black
has an extra pawn and the better structure. In other words, he should slowly
win.} 26. Bf4 (26. Bh6 Bg7 27. Bxg7 Qxg7 $17) 26... Rb6 (26... c5 $5 27. Nc2 (
27. Bxd6 Qxd6 {[%csl Gg3]} 28. dxc5 Qxc5+ 29. Kh1 Nxc3 30. Rb3 d4 $19) 27...
Re6 $17) 27. Bh6 Bg7 28. Bxg7 Kxg7 {[%csl Gd5]} 29. Ne5 Qd8 30. Bg2 Rd6 31. Re2
f4 {Probably a way of preparing ...c7-c5.} ({If} 31... c5 32. dxc5 Nxc5 33. Qd4
Ne6 34. Qa7+ Kg8 35. Rbe1 $132 {and Black does not have ...Nxf4.}) ({But the
solid} 31... c6 $17 {keeps the advantage intact.}) 32. Rf1 $2 (32. gxf4 $1 c5
$1 (32... Qxh4 33. Nxd5 $13) (32... Rxf4 33. Qg3 Rf8 (33... Qxh4 34. Qxh4 Rxh4
35. Nxc4 dxc4 36. Rxe8) 34. Rbe1 $16) 33. dxc5 Nxc5 34. Qg3 (34. Qd4 Ne6 35.
Qa7+ Kg8) 34... d4 35. cxd4 Ne6 $36) 32... c6 33. h5 (33. Rxf4 Rxf4 34. gxf4
Qxh4 $17) 33... Qg5 (33... g5 34. gxf4 Bxh5 $17) 34. gxf4 Qxh5 35. Ref2 (35.
Nxc4 bxc4 36. Re7+ Rf7 37. Qe3 $132) 35... Rdf6 36. Qg3 Nd6 $17 {Black has
regrouped perfectly keeping the extra pawn and the better structure.} 37. Bf3
Nf5 38. Qg5 Qh4 39. Rh2 Qg3+ 40. Rg2 Qxg5 41. fxg5 Re6 42. Rc1 $6 Nh4 $19 43.
Bg4 Rxe5 44. dxe5 Nxg2 45. Kxg2 Rf4 46. Bc8 Re4 47. e6 Nb6 48. Bb7 Rxe6 49. Kf2
Na4 50. Re1 Rxe1 51. Kxe1 Nxc3 52. Nxc6 Nxa2 53. Kd2 b4 0-1